Sports Quiz

Random Sports Quiz
Score 0/28 Timer 10:00
1 Play Today
Year(s) Club % Correct
2017Manchester United
94.6%
2006, 2007, 2014, 2015, 2016, 2020Sevilla
94.2%
2013, 2019Chelsea
92.5%
1973, 1976, 2001Liverpool
89.2%
1991, 1994, 1998Inter Milan
84.4%
1985, 1986Real Madrid
81.3%
2010, 2012, 2018Atletico Madrid
81.2%
1977, 1990, 1993Juventus
78.3%
2003, 2011Porto
77.8%
1996Bayern Munich
76.2%
1992Ajax
75.7%
2004Valencia
71.1%
1978PSV
63.3%
1989Napoli
52.7%
Year(s) Club % Correct
1972, 1984Tottenham
49.9%
2008Zenit St Petersburg
49%
1974, 2002Feyenoord
46.4%
1995, 1999Parma
42.9%
2005CSKA Moscow
42.3%
1997Schalke
41.2%
1988Bayer Leverkusen
40.3%
2000Galatasaray
38.8%
1983Anderlecht
31.1%
2009Shakhtar Donetsk
27.6%
1981Ipswich Town
26.8%
1975, 1979Borussia Monchengladbach
21.6%
1980Eintracht Frankfurt
17.3%
1982, 1987Goteborg
7.9%
Remove Ads.
Support Sporcle.
Get the best of Sporcle when you Go Orange. This ad-free experience offers more features, more stats, and more fun while also helping to support Sporcle. Thank you for becoming a member.

You're not logged in!

Compare scores with friends on all Sporcle quizzes.
OR
Log In

Show Comments

Extras

Created Mar 8, 2018ReportNominate
Tags:club, cup, europa, League, UEFA, Winner

Top Quizzes Today


Score Distribution

Your Account Isn't Verified!

In order to create a playlist on Sporcle, you need to verify the email address you used during registration. Go to your Sporcle Settings to finish the process.

Report this User

Report this user for behavior that violates our Community Guidelines.

Details: